[Event "ODJM A 2023"]
[Site "Willingen GER"]
[Date "2023.05.30"]
[Round "4"]
[White "Paeslack, Luis"]
[Black "Lohr, Maximilian"]
[Result "1/2-1/2"]
[Termination "normal"]
[Board "13"]
[WhiteElo "1887"]
[BlackElo "2106"]
[WhiteClock "00:10:11"]
[BlackClock "00:29:35"]
[PlyCount "43"]
[WhiteFideId "12987760"]
[BlackFideId "12999717"]
[EventCountry "GER"]
[EventRounds "9"]
[EventType "swiss"]
[EventDate "2023.05.27"]

1. d4 {[%clk 01:30:49]} {[%emt 00:00:10]} Nf6 {[%clk 01:30:54]} {[%emt
00:00:08]} 2. c4 {[%clk 01:30:52]} {[%emt 00:00:26]} e6 {[%clk 01:31:20]}
{[%emt 00:00:05]} 3. Nc3 {[%clk 01:30:58]} {[%emt 00:00:22]} Bb4 {[%clk
01:31:31]} {[%emt 00:00:20]} 4. e3 {[%clk 01:25:24]} {[%emt 00:06:03]} b6
{[%clk 01:23:02]} {[%emt 00:08:59]} 5. Bd3 {[%clk 01:12:03]} {[%emt 00:13:51]}
Bb7 {[%clk 01:23:14]} {[%emt 00:00:18]} 6. f3 {[%clk 01:09:39]} {[%emt
00:02:55]} Bxc3+ {[%clk 01:11:48]} {[%emt 00:11:56]} 7. bxc3 {[%clk 01:08:27]}
{[%emt 00:01:42]} c5 {[%clk 01:11:19]} {[%emt 00:00:59]} 8. Ne2 {[%clk
00:57:01]} {[%emt 00:11:57]} d6 {[%clk 01:06:54]} {[%emt 00:04:54]} 9. O-O
{[%clk 00:53:15]} {[%emt 00:04:16]} O-O {[%clk 01:06:01]} {[%emt 00:01:24]} 10.
g4 {[%clk 00:45:17]} {[%emt 00:08:28]} h6 {[%clk 01:04:25]} {[%emt 00:02:06]}
11. Ng3 {[%clk 00:40:32]} {[%emt 00:05:15]} Nbd7 {[%clk 00:59:46]} {[%emt
00:05:10]} 12. f4 {[%clk 00:37:14]} {[%emt 00:03:49]} d5 {[%clk 00:58:02]}
{[%emt 00:02:16]} 13. g5 {[%clk 00:27:58]} {[%emt 00:09:45]} hxg5 {[%clk
00:57:31]} {[%emt 00:01:01]} 14. fxg5 {[%clk 00:28:16]} {[%emt 00:00:11]} Ne4
{[%clk 00:57:53]} {[%emt 00:00:09]} 15. Bxe4 {[%clk 00:26:34]} {[%emt
00:02:11]} dxe4 {[%clk 00:56:52]} {[%emt 00:01:31]} 16. Qh5 {[%clk 00:22:14]}
{[%emt 00:04:50]} f5 {[%clk 00:48:59]} {[%emt 00:08:23]} 17. Rf4 {[%clk
00:16:45]} {[%emt 00:05:59]} Qe8 {[%clk 00:48:54]} {[%emt 00:00:36]} 18. g6
{[%clk 00:17:14]} Nf6 {[%clk 00:48:47]} {[%emt 00:00:36]} 19. Qg5 {[%clk
00:17:19]} {[%emt 00:00:25]} Qa4 {[%clk 00:30:51]} {[%emt 00:18:27]} 20. Bb2
{[%clk 00:09:49]} {[%emt 00:07:59]} Qc2 {[%clk 00:29:25]} {[%emt 00:01:57]} 21.
Rf2 {[%clk 00:10:11]} {[%emt 00:00:07]} Qd3 {[%clk 00:29:35]} {[%emt 00:00:19]}
22. Nh5 {[%emt 00:16:01]} 1/2-1/2

[Event "ODJM A 2023"]
[Site "Willingen GER"]
[Date "2023.05.30"]
[Round "4"]
[White "Frohnhäuser, Simon"]
[Black "Savchenko, Daniel"]
[Result "0-1"]
[Termination "normal"]
[Board "14"]
[WhiteElo "1901"]
[BlackElo "2104"]
[WhiteClock "00:26:46"]
[BlackClock "00:21:53"]
[PlyCount "96"]
[WhiteFideId "16208528"]
[BlackFideId "12919195"]
[EventCountry "GER"]
[EventRounds "9"]
[EventType "swiss"]
[EventDate "2023.05.27"]

1. e4 {[%clk 01:30:56]} {[%emt 00:00:02]} c5 {[%clk 01:30:54]} {[%emt
00:00:07]} 2. Nf3 {[%clk 01:31:14]} {[%emt 00:00:11]} e6 {[%clk 01:31:17]}
{[%emt 00:00:07]} 3. d4 {[%clk 01:31:28]} {[%emt 00:00:16]} cxd4 {[%clk
01:31:41]} {[%emt 00:00:06]} 4. Nxd4 {[%clk 01:31:50]} {[%emt 00:00:08]} Nf6
{[%clk 01:32:04]} {[%emt 00:00:08]} 5. Bd3 {[%clk 01:30:00]} {[%emt 00:02:20]}
d6 {[%clk 01:27:56]} {[%emt 00:04:39]} 6. Nc3 {[%clk 01:28:38]} {[%emt
00:01:51]} Be7 {[%clk 01:28:02]} {[%emt 00:00:24]} 7. Qe2 {[%clk 01:28:11]}
{[%emt 00:00:57]} a6 {[%clk 01:27:44]} {[%emt 00:00:49]} 8. Bd2 {[%clk
01:27:33]} {[%emt 00:01:06]} O-O {[%clk 01:26:59]} {[%emt 00:01:16]} 9. O-O
{[%clk 01:27:35]} {[%emt 00:00:28]} Nc6 {[%clk 01:14:39]} {[%emt 00:12:50]} 10.
Nb3 {[%clk 01:25:40]} {[%emt 00:02:25]} b5 {[%clk 01:13:57]} {[%emt 00:01:12]}
11. a4 {[%clk 01:20:27]} {[%emt 00:05:43]} b4 {[%clk 01:14:02]} {[%emt
00:00:25]} 12. Na2 {[%clk 01:19:03]} {[%emt 00:01:54]} a5 {[%clk 01:08:47]}
{[%emt 00:05:46]} 13. c3 {[%clk 01:18:42]} {[%emt 00:00:51]} bxc3 {[%clk
01:01:52]} {[%emt 00:07:25]} 14. Nxc3 {[%clk 01:19:07]} {[%emt 00:00:05]} Bb7
{[%clk 00:55:19]} {[%emt 00:07:04]} 15. Rac1 {[%clk 01:11:20]} {[%emt
00:08:17]} d5 {[%clk 00:54:26]} {[%emt 00:01:23]} 16. exd5 {[%clk 01:07:39]}
{[%emt 00:04:10]} Nxd5 {[%clk 00:54:29]} {[%emt 00:00:28]} 17. Nxd5 {[%clk
01:03:56]} {[%emt 00:04:13]} Qxd5 {[%clk 00:54:45]} {[%emt 00:00:14]} 18. Qe4
{[%clk 01:04:15]} {[%emt 00:00:10]} Qxe4 {[%clk 00:36:27]} {[%emt 00:18:49]}
19. Bxe4 {[%clk 01:02:41]} {[%emt 00:02:03]} Nd4 {[%clk 00:34:17]} {[%emt
00:02:41]} 20. Nxd4 {[%clk 00:53:03]} {[%emt 00:10:07]} Bxe4 {[%clk 00:34:35]}
{[%emt 00:00:13]} 21. Rfe1 {[%clk 00:52:57]} {[%emt 00:00:35]} Bd5 {[%clk
00:34:19]} {[%emt 00:00:46]} 22. Bc3 {[%clk 00:42:45]} {[%emt 00:10:41]} Rfb8
{[%clk 00:31:26]} {[%emt 00:03:23]} 23. Nb5 {[%clk 00:26:04]} {[%emt 00:17:11]}
Bb3 {[%clk 00:23:21]} {[%emt 00:08:35]} 24. Be5 {[%clk 00:26:28]} {[%emt
00:00:07]} Rc8 {[%clk 00:21:53]} {[%emt 00:01:57]} 25. Nc3 {[%clk 00:17:55]}
{[%emt 00:09:04]} Bb4 {[%clk 00:20:51]} {[%emt 00:01:31]} 26. Re4 {[%clk
00:15:19]} {[%emt 00:03:05]} Bxa4 {[%clk 00:19:19]} {[%emt 00:02:03]} 27. Ra1
{[%clk 00:14:09]} {[%emt 00:01:39]} Bc2 {[%clk 00:18:11]} {[%emt 00:01:38]} 28.
Rg4 {[%clk 00:14:31]} {[%emt 00:00:07]} Bg6 {[%clk 00:18:22]} {[%emt 00:00:20]}
29. Nb5 {[%clk 00:10:00]} {[%emt 00:05:00]} f6 {[%clk 00:10:19]} {[%emt
00:08:33]} 30. Bc3 {[%clk 00:04:37]} {[%emt 00:05:54]} Bd3 {[%clk 00:09:34]}
{[%emt 00:01:14]} 31. Nc7 {[%clk 00:02:53]} {[%emt 00:02:15]} Bxc3 {[%clk
00:08:54]} {[%emt 00:01:09]} 32. Nxa8 {[%clk 00:03:19]} {[%emt 00:00:06]} Bxb2
{[%clk 00:09:16]} {[%emt 00:00:07]} 33. Nb6 {[%clk 00:02:40]} {[%emt 00:01:08]}
Rc6 {[%clk 00:07:20]} {[%emt 00:02:27]} 34. Rd1 {[%clk 00:00:34]} {[%emt
00:02:37]} Be2 {[%clk 00:07:38]} {[%emt 00:00:11]} 35. Rd8+ {[%clk 00:00:58]}
{[%emt 00:00:07]} Kf7 {[%clk 00:08:02]} {[%emt 00:00:03]} 36. Rd7+ {[%clk
00:00:35]} {[%emt 00:00:54]} Ke8 {[%clk 00:08:17]} {[%emt 00:00:15]} 37. f3
{[%clk 00:00:37]} {[%emt 00:00:28]} f5 {[%clk 00:06:59]} {[%emt 00:01:49]} 38.
Rd2 {[%clk 00:00:37]} {[%emt 00:00:30]} Rxb6 {[%clk 00:06:50]} {[%emt
00:00:39]} 39. Ra4 {[%clk 00:00:45]} {[%emt 00:00:22]} Ba6 {[%clk 00:05:30]}
{[%emt 00:01:50]} 40. Rc2 {[%clk 00:00:45]} {[%emt 00:00:30]} Bf6 {[%clk
00:02:29]} {[%emt 00:03:31]} 41. h4 {[%clk 00:30:11]} {[%emt 00:01:05]} Rb1+
{[%clk 00:30:06]} {[%emt 00:02:52]} 42. Kh2 {[%clk 00:29:51]} {[%emt 00:00:49]}
Rb4 {[%clk 00:29:22]} {[%emt 00:01:16]} 43. Rxa5 {[%clk 00:27:03]} {[%emt
00:03:17]} Rxh4+ {[%clk 00:26:47]} {[%emt 00:03:05]} 44. Kg3 {[%clk 00:27:32]}
f4+ {[%clk 00:26:58]} {[%emt 00:00:21]} 45. Kf2 {[%clk 00:27:58]} {[%emt
00:00:02]} Bd3 {[%clk 00:21:44]} {[%emt 00:05:45]} 46. Ra8+ {[%clk 00:27:06]}
{[%emt 00:01:24]} Kf7 {[%clk 00:22:03]} {[%emt 00:00:09]} 47. Rcc8 {[%clk
00:26:17]} {[%emt 00:01:19]} Bd4+ {[%clk 00:21:42]} {[%emt 00:00:51]} 48. Ke1
{[%clk 00:26:46]} {[%emt 00:00:01]} Be3 {[%clk 00:21:53]} {[%emt 00:00:20]} *

[Event "ODJM A 2023"]
[Site "Willingen GER"]
[Date "2023.05.30"]
[Round "4"]
[White "Brunner, Tobias"]
[Black "Hoffmann, Kay"]
[Result "1-0"]
[Termination "normal"]
[Board "15"]
[WhiteElo "2017"]
[BlackElo "1805"]
[WhiteClock "00:17:54"]
[BlackClock "00:41:44"]
[PlyCount "57"]
[WhiteFideId "12949833"]
[BlackFideId "16227000"]
[EventCountry "GER"]
[EventRounds "9"]
[EventType "swiss"]
[EventDate "2023.05.27"]

1. Nf3 {[%clk 01:30:56]} {[%emt 00:00:04]} g6 {[%clk 01:30:38]} {[%emt
00:00:21]} 2. c4 {[%clk 01:30:31]} {[%emt 00:00:56]} c5 {[%clk 01:31:02]}
{[%emt 00:00:06]} 3. Nc3 {[%clk 01:30:56]} {[%emt 00:00:06]} Bg7 {[%clk
01:31:27]} {[%emt 00:00:05]} 4. e3 {[%clk 01:31:18]} {[%emt 00:00:07]} e6
{[%clk 01:30:52]} {[%emt 00:01:05]} 5. b3 {[%clk 01:28:12]} {[%emt 00:03:35]}
Ne7 {[%clk 01:31:04]} {[%emt 00:00:18]} 6. Bb2 {[%clk 01:28:29]} {[%emt
00:00:13]} Nbc6 {[%clk 01:31:26]} {[%emt 00:00:09]} 7. d4 {[%clk 01:26:01]}
{[%emt 00:02:59]} cxd4 {[%clk 01:31:30]} {[%emt 00:00:26]} 8. Nxd4 {[%clk
01:24:58]} {[%emt 00:01:32]} Nxd4 {[%clk 01:30:48]} {[%emt 00:01:11]} 9. exd4
{[%clk 01:25:22]} {[%emt 00:00:05]} d5 {[%clk 01:31:12]} {[%emt 00:00:08]} 10.
c5 {[%clk 01:23:00]} {[%emt 00:02:52]} O-O {[%clk 01:31:12]} {[%emt 00:00:30]}
11. g3 {[%clk 01:13:03]} {[%emt 00:10:26]} Nc6 {[%clk 01:30:21]} {[%emt
00:01:21]} 12. Ne2 {[%clk 01:06:24]} {[%emt 00:07:09]} b6 {[%clk 01:30:15]}
{[%emt 00:00:36]} 13. Qd2 {[%clk 00:55:55]} {[%emt 00:10:59]} Ba6 {[%clk
01:22:27]} {[%emt 00:08:19]} 14. Nf4 {[%clk 00:48:51]} {[%emt 00:07:33]} Bxf1
{[%clk 01:22:06]} {[%emt 00:00:52]} 15. Kxf1 {[%clk 00:49:16]} {[%emt
00:00:05]} Qf6 {[%clk 01:20:22]} {[%emt 00:02:13]} 16. cxb6 {[%clk 00:45:21]}
{[%emt 00:04:26]} axb6 {[%clk 01:20:42]} {[%emt 00:00:11]} 17. Ne2 {[%clk
00:44:39]} {[%emt 00:01:11]} Qf3 {[%clk 01:20:04]} {[%emt 00:01:08]} 18. Rg1
{[%clk 00:43:47]} {[%emt 00:01:22]} Rfc8 {[%clk 01:16:25]} {[%emt 00:04:09]}
19. g4 {[%clk 00:37:43]} {[%emt 00:06:34]} Qe4 {[%clk 00:58:20]} {[%emt
00:18:35]} 20. Bc3 {[%clk 00:27:07]} {[%emt 00:11:05]} e5 {[%clk 00:54:43]}
{[%emt 00:04:07]} 21. Re1 {[%clk 00:24:44]} {[%emt 00:02:52]} Qf3 {[%clk
00:50:41]} {[%emt 00:04:34]} 22. dxe5 {[%clk 00:23:21]} {[%emt 00:01:52]} Bxe5
{[%clk 00:49:15]} {[%emt 00:01:56]} 23. Bxe5 {[%clk 00:22:55]} {[%emt
00:00:56]} Nxe5 {[%clk 00:49:38]} {[%emt 00:00:06]} 24. Rg3 {[%clk 00:23:02]}
{[%emt 00:00:23]} Qh1+ {[%clk 00:48:28]} {[%emt 00:01:42]} 25. Ng1 {[%clk
00:23:11]} {[%emt 00:00:20]} Re8 {[%clk 00:44:42]} {[%emt 00:04:15]} 26. Rge3
{[%clk 00:19:49]} {[%emt 00:03:53]} Qxh2 {[%clk 00:42:33]} {[%emt 00:02:39]}
27. Rh3 {[%clk 00:20:11]} {[%emt 00:00:07]} Rxa2 {[%clk 00:41:19]} {[%emt
00:01:45]} 28. Qxa2 {[%clk 00:18:38]} {[%emt 00:02:04]} Qf4 {[%clk 00:41:44]}
{[%emt 00:00:03]} 29. Qa4 {[%clk 00:17:54]} {[%emt 00:01:14]} 1-0

[Event "ODJM A 2023"]
[Site "Willingen GER"]
[Date "2023.05.30"]
[Round "4"]
[White "Korbel, Joshua"]
[Black "Winkler, Yonathan"]
[Result "1-0"]
[Termination "normal"]
[Board "16"]
[WhiteElo "1682"]
[BlackElo "2007"]
[WhiteClock "00:07:03"]
[BlackClock "00:11:51"]
[PlyCount "71"]
[WhiteFideId "16273184"]
[BlackFideId "16266080"]
[EventCountry "GER"]
[EventRounds "9"]
[EventType "swiss"]
[EventDate "2023.05.27"]

1. c4 {[%clk 01:30:59]} c6 {[%clk 01:30:41]} {[%emt 00:00:19]} 2. g3 {[%clk
01:30:38]} {[%emt 00:00:50]} d5 {[%clk 01:31:06]} {[%emt 00:00:06]} 3. Bg2
{[%clk 01:29:50]} {[%emt 00:01:18]} Nf6 {[%clk 01:31:27]} {[%emt 00:00:08]} 4.
b3 {[%clk 01:27:13]} {[%emt 00:03:09]} e5 {[%clk 01:24:18]} {[%emt 00:07:39]}
5. Bb2 {[%clk 01:25:59]} {[%emt 00:01:44]} Bc5 {[%clk 01:24:15]} {[%emt
00:00:33]} 6. cxd5 {[%clk 01:03:57]} {[%emt 00:22:32]} cxd5 {[%clk 01:22:39]}
{[%emt 00:02:06]} 7. Bxe5 {[%clk 01:02:27]} {[%emt 00:02:00]} Bxf2+ {[%clk
01:22:56]} {[%emt 00:00:13]} 8. Kxf2 {[%clk 01:02:15]} {[%emt 00:00:41]} Ng4+
{[%clk 01:23:21]} {[%emt 00:00:05]} 9. Kf1 {[%clk 01:01:27]} {[%emt 00:01:19]}
Nxe5 {[%clk 01:21:58]} {[%emt 00:01:53]} 10. Nc3 {[%clk 00:57:03]} {[%emt
00:04:53]} Be6 {[%clk 01:18:07]} {[%emt 00:04:21]} 11. Nf3 {[%clk 00:50:36]}
{[%emt 00:06:58]} Nbc6 {[%clk 01:15:12]} {[%emt 00:03:24]} 12. Rc1 {[%clk
00:46:46]} {[%emt 00:04:22]} O-O {[%clk 01:12:32]} {[%emt 00:03:10]} 13. h3
{[%clk 00:41:46]} {[%emt 00:05:30]} Qf6 {[%clk 00:51:03]} {[%emt 00:21:58]} 14.
Kg1 {[%clk 00:36:25]} {[%emt 00:05:52]} Rad8 {[%clk 00:47:43]} {[%emt
00:03:50]} 15. Kh2 {[%clk 00:33:17]} {[%emt 00:03:38]} Qh6 {[%clk 00:45:45]}
{[%emt 00:02:26]} 16. Rf1 {[%clk 00:25:43]} {[%emt 00:08:05]} Ng4+ {[%clk
00:42:58]} {[%emt 00:03:18]} 17. Kg1 {[%clk 00:25:49]} {[%emt 00:00:22]} Nf6
{[%clk 00:43:19]} {[%emt 00:00:10]} 18. g4 {[%clk 00:23:01]} {[%emt 00:03:18]}
Ne4 {[%clk 00:42:52]} {[%emt 00:00:56]} 19. d3 {[%clk 00:20:12]} {[%emt
00:03:21]} Qe3+ {[%clk 00:42:24]} {[%emt 00:00:56]} 20. Kh2 {[%clk 00:19:08]}
{[%emt 00:01:34]} f5 {[%clk 00:34:17]} {[%emt 00:08:38]} 21. dxe4 {[%clk
00:14:02]} {[%emt 00:05:35]} dxe4 {[%clk 00:34:20]} {[%emt 00:00:27]} 22. Qe1
{[%clk 00:13:59]} {[%emt 00:00:33]} exf3 {[%clk 00:33:34]} {[%emt 00:01:16]}
23. exf3 {[%clk 00:13:56]} {[%emt 00:00:33]} Qf4+ {[%clk 00:33:19]} {[%emt
00:00:46]} 24. Qg3 {[%clk 00:13:45]} {[%emt 00:00:41]} Qb4 {[%clk 00:26:38]}
{[%emt 00:07:09]} 25. Rfe1 {[%clk 00:12:54]} {[%emt 00:01:23]} Bc8 {[%clk
00:21:22]} {[%emt 00:05:46]} 26. Bf1 {[%clk 00:12:17]} {[%emt 00:01:07]} Rd2+
{[%clk 00:20:42]} {[%emt 00:01:11]} 27. Re2 {[%clk 00:11:49]} {[%emt 00:00:57]}
Rfd8 {[%clk 00:20:07]} {[%emt 00:01:06]} 28. Qf2 {[%clk 00:10:26]} {[%emt
00:01:53]} Ne5 {[%clk 00:18:07]} {[%emt 00:02:30]} 29. Kg2 {[%clk 00:09:21]}
{[%emt 00:01:35]} Rxe2 {[%clk 00:17:03]} {[%emt 00:01:32]} 30. Bxe2 {[%clk
00:09:00]} {[%emt 00:00:51]} fxg4 {[%clk 00:16:20]} {[%emt 00:01:13]} 31. hxg4
{[%clk 00:09:07]} {[%emt 00:00:24]} Qf4 {[%clk 00:14:47]} {[%emt 00:02:01]} 32.
Re1 {[%clk 00:09:16]} {[%emt 00:00:23]} Rf8 {[%clk 00:13:22]} {[%emt 00:01:54]}
33. Qg3 {[%clk 00:07:50]} {[%emt 00:01:57]} Qd4 {[%clk 00:12:38]} {[%emt
00:01:14]} 34. Qxe5 {[%clk 00:07:41]} {[%emt 00:00:39]} Qb6 {[%clk 00:11:27]}
{[%emt 00:01:40]} 35. Bc4+ {[%clk 00:07:00]} {[%emt 00:01:11]} Kh8 {[%clk
00:11:51]} {[%emt 00:00:07]} 36. Qe7 {[%clk 00:07:03]} {[%emt 00:00:26]} 1-0

[Event "ODJM A 2023"]
[Site "Willingen GER"]
[Date "2023.05.30"]
[Round "4"]
[White "Kamp, Adrian"]
[Black "Longo, Massimo"]
[Result "1/2-1/2"]
[Termination "normal"]
[Board "17"]
[WhiteElo "2021"]
[BlackElo "1890"]
[WhiteClock "00:19:11"]
[BlackClock "00:14:01"]
[PlyCount "56"]
[WhiteFideId "16222466"]
[BlackFideId "16205227"]
[EventCountry "GER"]
[EventRounds "9"]
[EventType "swiss"]
[EventDate "2023.05.27"]

1. e4 {[%clk 01:30:47]} {[%emt 00:00:13]} e6 {[%clk 01:30:53]} {[%emt
00:00:08]} 2. d4 {[%clk 01:31:09]} {[%emt 00:00:07]} d5 {[%clk 01:31:20]}
{[%emt 00:00:04]} 3. Nd2 {[%clk 01:31:15]} {[%emt 00:00:24]} Nf6 {[%clk
01:31:44]} {[%emt 00:00:05]} 4. e5 {[%clk 01:31:37]} {[%emt 00:00:09]} Nfd7
{[%clk 01:32:11]} {[%emt 00:00:04]} 5. Bd3 {[%clk 01:31:57]} {[%emt 00:00:10]}
c5 {[%clk 01:32:36]} {[%emt 00:00:05]} 6. c3 {[%clk 01:32:17]} {[%emt
00:00:10]} Nc6 {[%clk 01:33:00]} {[%emt 00:00:06]} 7. Ne2 {[%clk 01:32:30]}
{[%emt 00:00:17]} cxd4 {[%clk 01:33:24]} {[%emt 00:00:07]} 8. cxd4 {[%clk
01:32:52]} {[%emt 00:00:07]} f6 {[%clk 01:33:52]} {[%emt 00:00:03]} 9. Nf4
{[%clk 01:33:15]} {[%emt 00:00:07]} Qe7 {[%clk 01:34:15]} {[%emt 00:00:09]} 10.
exf6 {[%clk 01:11:22]} {[%emt 00:22:21]} Qxf6 {[%clk 01:34:31]} {[%emt
00:00:14]} 11. Nf3 {[%clk 01:03:59]} {[%emt 00:07:52]} Bb4+ {[%clk 01:34:27]}
{[%emt 00:00:35]} 12. Kf1 {[%clk 01:04:12]} {[%emt 00:00:16]} O-O {[%clk
01:33:50]} {[%emt 00:01:07]} 13. h4 {[%clk 01:04:31]} {[%emt 00:00:12]} Bd6
{[%clk 01:27:22]} {[%emt 00:06:57]} 14. Nxe6 {[%clk 00:46:11]} {[%emt
00:18:50]} Qxe6 {[%clk 01:18:04]} {[%emt 00:09:49]} 15. Bxh7+ {[%clk 00:46:25]}
{[%emt 00:00:16]} Kh8 {[%clk 01:18:27]} {[%emt 00:00:06]} 16. Ng5 {[%clk
00:46:34]} {[%emt 00:00:21]} Qf6 {[%clk 01:18:38]} {[%emt 00:00:19]} 17. Be3
{[%clk 00:42:35]} {[%emt 00:04:29]} Bf4 {[%clk 01:14:55]} {[%emt 00:04:13]} 18.
Qh5 {[%clk 00:37:24]} {[%emt 00:05:41]} Qh6 {[%clk 01:14:48]} {[%emt 00:00:37]}
19. Nf7+ {[%clk 00:37:41]} {[%emt 00:00:13]} Rxf7 {[%clk 01:15:11]} {[%emt
00:00:07]} 20. Qxf7 {[%clk 00:38:05]} {[%emt 00:00:06]} Nf6 {[%clk 01:09:29]}
{[%emt 00:06:12]} 21. Bxf4 {[%clk 00:29:33]} {[%emt 00:09:03]} Qxf4 {[%clk
01:02:54]} {[%emt 00:07:04]} 22. Bg6 {[%clk 00:29:17]} {[%emt 00:00:45]} Bd7
{[%clk 00:57:11]} {[%emt 00:06:14]} 23. h5 {[%clk 00:29:01]} {[%emt 00:00:46]}
Qh6 {[%clk 00:57:13]} {[%emt 00:00:29]} 24. Rh4 {[%clk 00:26:16]} {[%emt
00:03:14]} Re8 {[%clk 00:50:42]} {[%emt 00:07:01]} 25. Bd3 {[%clk 00:20:28]}
{[%emt 00:06:18]} Nb4 {[%clk 00:46:54]} {[%emt 00:04:19]} 26. Bg6 {[%clk
00:19:22]} {[%emt 00:01:36]} Nc6 {[%clk 00:39:48]} {[%emt 00:07:37]} 27. Bd3
{[%clk 00:19:30]} {[%emt 00:00:21]} Nb4 {[%clk 00:21:54]} {[%emt 00:18:24]} 28.
Bg6 {[%clk 00:19:11]} {[%emt 00:00:48]} Nc6 {[%clk 00:14:01]} {[%emt 00:08:21]}
1/2-1/2